000
00349nam a2200133Ia 4500
003
GCL
008
140319s9999 xx 000 0 ara d
040
_a
GCL /
_c
GCL
082
0
4
_a
301.363
_b
ع ز
245
1
0
_a
الزواج وتطور مجتمع البحرين
260
_a
[S.N] :
_b
مكتبة مدبولى ،
_c
1989
300
_a
623 ص
490
_a
999
_c
55956
_d
55956